El ordenamiento y planificación territorial en Chile : elementos para su discusión /

El presente artículo aborda algunos aspectos del tratamiento que se ha dado al ordenamiento territorial en Chile. Resume algunas definiciones y entrega ciertos elementos que permitan superar las distorsiones subyacentes en las discusiones públicas de la materia.\Asimismo, aborda las dificultades que...

Full description

Bibliographic Details
Main Author: Bustos Arancibia, Nelson
Format: Analitica de revista
Language:Spanish
Published: Santiago, Chile Pontificia Universidad Católica de Chile 1998
Subjects:

MARC

LEADER 00000cab a2200000 a 4500
001 040576
003 UAHC_CL
005 20170803124455.0
008 051006b xx j 000 1 spa
040 |a UAHC_CL  |c UAHC_CL  |d UAHC_CL 
100 1 |a Bustos Arancibia, Nelson 
245 1 3 |a El ordenamiento y planificación territorial en Chile :  |b elementos para su discusión /  |c Nelson Bustos Arancibia. 
260 |b Pontificia Universidad Católica de Chile  |c 1998  |a Santiago, Chile 
300 |a pp. 49-53 
500 |a En: Revista de geografía norte grande, n˚25, 1998. pp.49-53. ISSN 0379-8682 
500 |a En: Revista de geografía norte grande, n°25, 1998. pp.49-53. ISSN 0379-8682 
500 |a En: Revista de geografÌa norte grande, nç25, 1998. pp.49-53. ISSN 0379-8682 
520 |a El presente artículo aborda algunos aspectos del tratamiento que se ha dado al ordenamiento territorial en Chile. Resume algunas definiciones y entrega ciertos elementos que permitan superar las distorsiones subyacentes en las discusiones públicas de la materia.\Asimismo, aborda las dificultades que nuestra organización política presenta en materia de intervenciones territoriales, analizando al proceso de descentralización como una respuesta a estas dificultades. Por último se entregan algunas ideas a considerar en una acción futura. 
520 |a El presente artículo aborda algunos aspectos del tratamiento que se ha dado al ordenamiento territorial en Chile. Resume algunas definiciones y entrega ciertos elementos que permitan superar las distorsiones subyacentes en las discusiones públicas de la materia.\Asimismo, aborda las dificultades que nuestra organización política presenta en materia de intervenciones territoriales, analizando al proceso de descentralización como una respuesta a estas dificultades. Por último se entregan algunas ideas a considerar en una acción futura. 
520 |a El presente artÌculo aborda algunos aspectos del tratamiento que se ha dado al ordenamiento territorial en Chile. Resume algunas definiciones y entrega ciertos elementos que permitan superar las distorsiones subyacentes en las discusiones públicas de la materia.\Asimismo, aborda las dificultades que nuestra organizaciÛn polÌtica presenta en materia de intervenciones territoriales, analizando al proceso de descentralizaciÛn como una respuesta a estas dificultades. Por último se entregan algunas ideas a considerar en una acciÛn futura. 
650 4 |a PLANIFICACION TERRITORIAL  |z CHILE 
759 |a PP115 
773 0 |t Revista de geografía norte grande  |w 040513 
900 |a REV. GEOGR. NORTE GD.-25/98 
942 |c REVA 
952 |0 0  |1 0  |4 0  |6 REV___GEOGR__NORTE_GD_25_98_000000000000000  |7 0  |8 General  |9 76341  |a BC  |b BC  |c General  |d 2017-08-03  |l 0  |o REV. GEOGR. NORTE GD.-25/98  |p FICTICIO6259  |r 2019-01-08 00:00:00  |t 1  |w 2017-08-03  |y REVA 
999 |c 40576  |d 40576